Petroleum resources and development : (Record no. 542699)

000 -LEADER
fixed length control field 00674cam a2200157 a 4500
020 ## - INTERNATIONAL STANDARD BOOK NUMBER
International Standard Book Number 1852930071 :
082 00 - DEWEY DECIMAL CLASSIFICATION NUMBER
Classification number 358.27282091724
Author Mark PET
-- L-39 , P-144
245 00 - TITLE STATEMENT
Title Petroleum resources and development :
Remainder of title economic, legal, and policy issues for developing countries /
Statement of responsibility, etc. edited by Kameel I.F. Khan.
260 ## - PUBLICATION, DISTRIBUTION, ETC.
Place of publication, distribution, etc. London ;
-- New York :
Name of publisher, distributor, etc. Belhaven Press ;
Place of publication, distribution, etc. [New York :
Name of publisher, distributor, etc. Distributed by Columbia University Press],
Date of publication, distribution, etc. 1988, c1987.
300 ## - PHYSICAL DESCRIPTION
Extent xiii, 277 p. :
Other physical details ill. ;
Dimensions 24 cm.
526 ## - STUDY PROGRAM INFORMATION NOTE
Program name 0
Interest level 0
Reading level 0
Title point value 358_272820917240000_PET
650 #0 - SUBJECT ADDED ENTRY--TOPICAL TERM
Topical term or geographic name entry element NUST
9 (RLIN) 6342
650 #0 - SUBJECT ADDED ENTRY--TOPICAL TERM
Topical term or geographic name entry element Petroleum industry and trade
Geographic subdivision Developing countries.
9 (RLIN) 37984
700 1# - ADDED ENTRY--PERSONAL NAME
Personal name Khan, Kameel I. F.,
9 (RLIN) 37985
942 ## - ADDED ENTRY ELEMENTS (KOHA)
Source of classification or shelving scheme
Koha item type Book
Holdings
Withdrawn status Lost status Source of classification or shelving scheme Damaged status Not for loan Permanent Location Current Location Date acquired Total Checkouts Full call number Barcode Date last seen Price effective from Koha item type
          Military College of Engineering (MCE) Military College of Engineering (MCE) 02/11/2014   358.27282091724 PET MCE-41824 02/11/2014 02/11/2014 Book
© 2023 Central Library, National University of Sciences and Technology. All Rights Reserved.